U.S. Cities by Former Name - Statistics

General Stats
  • This quiz has been taken 188 times
    170 since last reset
  • The average score is 11 of 18
Answer Stats
Former Name Current Name State % Correct
New Amsterdam New York City NY
99%
Marthasville Atlanta GA
85%
Fort Dearborn Chicago IL
75%
Trimountaine Boston MA
71%
Yerba Buena San Francisco CA
71%
Swilling's Mill Phoenix AZ
70%
The Clearing Portland OR
68%
New York Alki Seattle WA
68%
Charles Town Charleston SC
66%
Waterloo Austin TX
65%
Fort Duquesne Pittsburgh PA
63%
Losantiville Cincinnati OH
61%
Jernigan Orlando FL
60%
Beverwijck Albany NY
55%
Lancaster Lincoln NE
52%
Cow Ford Jacksonville FL
48%
Plantation of Penacook Concord NH
44%
Gum Pond Tupelo MS
14%
No matching quizzes found
Score Distribution
Percent of People with Each Score
Percentile by Number Answered
Your Score History
You have not taken this quiz since the last reset